MARC details
| 000 -LEADER |
| campo de control de longitud fija |
01928nam a2200421 i 4500 |
| 001 - NÚMERO DE CONTROL |
| campo de control |
196480 |
| 003 - IDENTIFICADOR DE NÚMERO DE CONTROL |
| campo de control |
ES-MaACL |
| 005 - FECHA Y HORA DE LA ÚLTIMA TRANSACCIÓN |
| campo de control |
20241011063118.0 |
| 007 - CAMPO FIJO DE DESCRIPCIÓN FÍSICA--INFORMACIÓN GENERAL |
| campo de control de longitud fija |
ta |
| 008 - DATOS DE LONGITUD FIJA--INFORMACIÓN GENERAL |
| campo de control de longitud fija |
24093 s1972||||sp a fr|||| 001 0 fre d |
| 035 ## - NÚMERO DE CONTROL DEL SISTEMA |
| Número de control de sistema |
(OCoLC)892952075 |
| 035 ## - NÚMERO DE CONTROL DEL SISTEMA |
| Número de control de sistema |
ocm06744523 |
| 035 ## - NÚMERO DE CONTROL DEL SISTEMA |
| Número de control de sistema |
180983059 |
| 040 ## - FUENTE DE CATALOGACIÓN |
| Centro catalogador/agencia de origen |
ABES |
| Lengua de catalogación |
fre |
| Normas de descripción |
AFNOR |
| Centro/agencia transcriptor |
ES-MaACL |
| Centro/agencia modificador |
ES-MaACL |
| 041 1# - CÓDIGO DE IDIOMA |
| Fuente del código |
639-2 |
| 100 1# - ENTRADA PRINCIPAL--NOMBRE DE PERSONA |
| Nombre de persona |
Ramón y Cajal, Santiago, |
| Fechas asociadas al nombre |
1852-1934 |
| 9 (RLIN) |
226468 |
| Término indicativo de función/relación |
Autor |
| 245 10 - MENCIÓN DEL TÍTULO |
| Título |
Histologie du système nerveux de l'homme & des vertébrés / |
| Mención de responsabilidad, etc. |
par S. Ramon Cajal,... ; traduit de l'espagnol par le Dr L. Azoulay. |
| 250 ## - MENCION DE EDICION |
| Mención de edición |
Edition française revue & mise à jour. / |
| Resto de la mención de edición |
par l'auteur |
| 264 #1 - PRODUCCIÓN, PUBLICACIÓN, DISTRIBUCIÓN, FABRICACIÓN Y COPYRIGHT |
| Producción, publicación, distribución, fabricación y copyright |
Madrid : |
| Nombre del de productor, editor, distribuidor, fabricante |
Consejo superior de investigationes cientificas, Instituto Ramon y Cajal, |
| Fecha de producción, publicación, distribución, fabricación o copyright |
1972. |
| 300 ## - DESCRIPCIÓN FÍSICA |
| Extensión |
2 v. (986, 993 p.) : |
| Otras características físicas |
il ; |
| Dimensiones |
28 cm. |
| 336 ## - TIPO DE CONTENIDO |
| Código de tipo de contenido |
txt |
| Fuente |
rdacontent |
| Término de tipo de contenido |
texto |
| 337 ## - TIPO DE MEDIO |
| Código del tipo de medio |
n |
| Fuente |
rdamedia |
| Nombre/término del tipo de medio |
sin mediación |
| 337 ## - TIPO DE MEDIO |
| Código del tipo de medio |
n |
| Fuente |
isbdmedia |
| Nombre/término del tipo de medio |
sin mediación |
| 338 ## - TIPO DE SOPORTE |
| Código del tipo de soporte |
nga |
| Fuente |
RDAfrCarrier |
| Nombre/término del tipo de soporte |
volumen |
| 504 ## - NOTA DE BIBLIOGRAFÍA, ETC. |
| Nota de bibliografía, etc. |
Notes bibliogr. Indice. |
| 505 ## - NOTA DE CONTENIDO CON FORMATO |
| Nota de contenido con formato |
Tome premier: Generalités, Moelle, Ganglions Rachidiens, Bulbe & protuberance . -- Tome II: Histologie du système nerveux de l'homme et des vertébrés. |
| 650 #7 - PUNTO DE ACCESO ADICIONAL DE MATERIA--TÉRMINO DE MATERIA |
| Término de materia o nombre geográfico como elemento de entrada |
Sistema nervioso- |
| 9 (RLIN) |
172564 |
| Subdivisión general |
Histología |
| 700 ## - ENTRADA AGREGADA--NOMBRE PERSONAL |
| Nombre de persona |
Azoulay, Léon, |
| Fechas asociadas al nombre |
1862-1926 |
| Término indicativo de función/relación |
Traductor |
| 9 (RLIN) |
238980 |
| 740 0# - ENTRADA AGREGADA--TÍTULO RELACIONADO/ANALÍTICO NO CONTROLADO |
| Título relacionado o analítico no controlado |
Generalités, Moelle, Ganglions Rachidiens, Bulbe & protuberance |
| 740 0# - ENTRADA AGREGADA--TÍTULO RELACIONADO/ANALÍTICO NO CONTROLADO |
| Título relacionado o analítico no controlado |
Histologie du système nerveux de l'homme et des vertébrés |
| 852 ## - LOCALIZACIÓN |
| Ubicación |
ES-MaACL |
| Ubicación en estantería |
Depósito 1 |
| Donativo/Legado |
Donación: José Manuel Duarte Cendán |
| itemnumber |
204180 |
| Número de control de estantería |
A-15449 |
| Designación de la unidad física |
v.1 |
| 852 ## - LOCALIZACIÓN |
| Ubicación |
ES-MaACL |
| Ubicación en estantería |
Depósito 1 |
| Donativo/Legado |
Donación: José Manuel Duarte Cendán |
| itemnumber |
204181 |
| Número de control de estantería |
A-15450 |
| Designación de la unidad física |
v.2 |
| 903 ## - NOMBRE PERSONAL DE DONANTE |
| 9 |
238529 |
| a |
Duarte Cendán, José Manuel |
| q |
1 |
| e |
Donante |
| 942 ## - ELEMENTOS DE ENTRADA SECUNDARIOS (KOHA) |
| Suprimir en OPAC |
No |
| Tipo de ítem Koha |
Libro impreso |